[Event "Cappelle op 31st"]
[Site "Cappelle la Grande"]
[Date "2015.03.02"]
[Round "4"]
[White "Kulaots, Kaido"]
[Black "Li, Chao B"]
[Result "1/2-1/2"]
[WhiteElo "2558"]
[BlackElo "2728"]
[Annotator "Primel,D"]
[PlyCount "110"]
[EventDate "2015.02.28"]
[EventType "swiss"]
[EventRounds "9"]
[EventCountry "FRA"]
[SourceTitle "EXT 2016"]
[Source "ChessBase"]
[SourceDate "2015.10.08"]
[SourceVersion "1"]
[SourceVersionDate "2015.10.08"]
[SourceQuality "1"]

1. e4 c5 2. Nf3 Nc6 3. d4 cxd4 4. Nxd4 Nf6 5. Nc3 d6 6. Bg5 e6 7. Qd2 a6 {
La grande ligne} (7... Be7 $5 {L'alternative pour retarder la poussée a6 et
le TOP GMI y a été confronté avec les Blancs} 8. O-O-O Nxd4 (8... O-O 9. f4
Nxd4 (9... h6 10. Bh4 Nxd4 11. Qxd4 a6 12. g4 Nxg4 13. Bxe7 Qxe7 14. Qxd6 Qxd6
15. Rxd6 b5 16. Be2 Nf6 17. e5 Bb7 18. Re1 Ne4 19. Nxe4 Bxe4 20. a4 $1 {
Oll,L (2475)-Aseev,K (2445) URS-ch FL56 Klaipeda 1988 1/2} (20. Bxb5 axb5 21.
Rxe4 Rxa2 22. Rb4 Ra1+ 23. Kd2 Rh1 $132 {Aseev}) 20... Rfc8 {Oll,L (2475)
-Aseev,K (2445) URS-ch FL56 Klaipeda 1988 1/2}) 10. Qxd4 Qa5 11. Bc4 Bd7 12.
Rhe1 Bc6 13. Bb3 Rfd8 14. Qd3 (14. Kb1) 14... h6 (14... b5 15. Nd5) 15. Bh4 Qh5
16. Bg3 Nd7 17. Qf1 {Dolmatov,S (2550)-Oll,L (2475) URS-ch FL56 Klaipeda 1988
0-1} (17. Qe2 $5 Qxe2 18. Rxe2 Nc5 19. Bd5 Be8 20. Bc4 $15 {Krasenkow})) 9.
Qxd4 O-O 10. f3 (10. f4) 10... a6 11. h4 b5 12. Kb1 Bb7 13. g4 Qc7 14. Qd2 {
Anticipe un éventuel Qc5 des Noirs} (14. Be3) 14... Rfd8 15. Bd3 d5 16. exd5
$146 (16. e5) 16... Nxd5 $132 {Li,C (2622)-Zhang,Z (2445) 4th chT Ningbo  2008
(15) 1-0}) 8. O-O-O Bd7 (8... h6 9. Be3 Be7 (9... Qc7 10. f3) 10. f4 Nxd4 11.
Bxd4 b5 12. Bd3 b4 13. Na4 Rb8 $132 {Polgar,J (2675)-Kramnik,V (2775) Moscow
PCA-GP Kremlin Stars rapid 1996 (3.1) 0-1}) (8... Qb6 9. Nb3 Be7 10. f3 O-O 11.
g4 Qc7 12. h4 Rd8 13. Be3 d5 $132 {Hebden,M (2475)-Giffard,N (2310) Paris-ch
op 1988 (8) 1-0}) 9. f4 (9. f3) 9... h6 (9... b5 {La grande ligne} 10. Bxf6
gxf6 11. Kb1) (9... Be7 10. Nf3 b5 11. e5 (11. Bxf6) 11... b4 12. exf6 bxc3 13.
Qxc3 gxf6 14. Bh4 d5 $1 15. Kb1 Rc8 16. Bxa6 $5 {Il est interessant de voir un
fort GMI accepter ce P pour avoir une idée de la valeur du sacrifice.} Rc7 17.
Bd3 $146 (17. Bb5 Nb4 {Tseitlin,M (2472)-Greenfeld,A (2553) ISR-ch Tel Aviv
2002 (7) 0-1}) 17... Nb4 18. Qd4 Nxd3 19. Qxd3 O-O 20. Nd4 Qa8 $6 21. Rhe1 $36
{Volokitin,A (2661)-Shishkin,V (2461) ROM-chT Baile Herculane 2010 (5.11) 1-0})
10. Bh4 b5 {Un ordre de coups assez rare} (10... g5 11. fxg5 Ng4 12. Be2 Nge5
13. Nf3 Be7 14. Rhg1 b5 $44) (10... Nxe4 $5 11. Qe1 Nf6 12. Nf5 $44) 11. Nxc6 {
Une tentative d'amélioration des Blancs sur une partie précédente du
Chinois mais comme il s'agissait de la seconde ronde de la journée, la
préparation était succinte.} (11. Bxf6 gxf6 12. Kb1 b4 13. Nce2 Qb6 14. g3
Rc8 15. Qd3 Na5 16. b3 Nb7 17. Bg2 h5 18. Qf3 Bg7 19. g4 a5 20. g5 fxg5 21.
fxg5 Qc5 22. g6 fxg6 23. e5 Nd8 24. exd6 e5 25. Rhe1 Nf7 26. Ng3 Nxd6 27. Ne4
Nxe4 28. Rxe4 Bf5 29. Qe2 Bxe4 30. Qxe4 Qd6 31. Bh3 O-O 32. Be6+ Kh7 33. Rg1
Rf6 34. Bxc8 exd4 35. Qe2 d3 36. Qd2 Qd4 {0-1 (36) Van Kampen,R (2641)-Li,C 
(2711) Germany 2014}) 11... Bxc6 12. Qe1 {[%cal Ge4e5,Gd1d8]} Be7 13. e5 (13.
Bxf6 gxf6 14. Bd3) 13... Nd5 14. Bxe7 Qxe7 15. Nxd5 Bxd5 16. Rg1 $146 (16. Bd3
Rc8 17. Kb1 O-O 18. Rg1 dxe5 19. Qxe5 Rfd8 20. g4 Bc4 21. Bxc4 Rxc4 22. b3 Rcc8
23. h3 Qh4 24. Qe3 Qf6 25. a3 g6 26. Rgf1 Rxd1+ 27. Rxd1 Rc3 28. Qb6 Qxf4 29.
Qa5 Rc6 30. Qd8+ Kg7 31. Qe8 Qe4 32. Rd2 Rc3 33. Kb2 Qe5 34. Ka2 Qc7 35. Kb2
Rxh3 36. Qd7 Qxd7 37. Rxd7 Rh4 38. c4 bxc4 39. bxc4 Rxg4 40. Kb3 Rg5 41. Ra7 h5
42. Kb4 h4 43. Rd7 a5+ {0-1 (43) Butunoi,A (2394)-Lupulescu,C (2594) Hungary
2008}) 16... O-O 17. g4 Rac8 18. Kb1 dxe5 19. Qxe5 (19. g5 hxg5 20. fxg5 Rxc2
$3 {[%csl Rg1]}) 19... Qh4 $1 $132 20. Bd3 Qxh2 $5 {[%cal Gh2e5] Le Bd5
contrôle bien la case "h1" et il n'est pas certain que les Blancs aient assez
de compensations} 21. g5 h5 22. Qe3 (22. g6 {[%cal Gg1g5]}) 22... f6 $2 {
C'était la seconde ronde de la journée et la fatigue commençait à se faire
sentir} (22... Rfd8) 23. gxf6 Rxf6 24. Qa7 Rf7 25. Bh7+ Kf8 26. Qxa6 Rfc7 {
Le Bh7 est très fort car il participe à l'attaque du K Noir tout en
défendant la case sensible "c2"} 27. Qd6+ $1 $40 {Il est possible que les
Blancs aient oublié 30.Rg5 avant de le trouver au coup suivant mais ils
avaient la possibilité de rectifier l'erreur en répétant les coups tout en
gagnant un tempo précieux pour passer le contrôle de temps} Kf7 28. Qe5 (28.
Rg5 $5 {Avec la double menace de doubler les R sur la colonne "g" ou de
sacrifier la qualité sur le Bd5}) (28. c4) 28... Kf8 29. Qd6+ Kf7 30. Qe5 Kf8
31. Rg5 $6 {Moins bon maintenant} Rd7 32. b3 $2 {Pare la menace Ba2 mais Rdg1
était plus précis et il y avait non pas une mais deux menaces!} (32. Rdg1 $1
{[%csl Rg7]}) 32... Be4 $3 33. Bxe4 Rxd1+ 34. Kb2 Qd2 $1 35. Qxg7+ Ke8 36. Qg8+
Ke7 37. Qg7+ Ke8 (37... Kd6 $2 38. Qe5+) 38. Bc6+ $3 Rxc6 39. Qg8+ Ke7 40. Rg7+
Kd6 41. Qb8+ $1 {Le contrôle de temps est passé et normalement les Blancs
doivent pouvoir décompresser avant d'achever le K Noir} Kc5 42. Rg5+ Qd5 $8
43. a3 $1 Rd6 44. Qc7+ Kd4 45. Qc3+ {Un coup intermédiaire pas forcément
indispensable et il sembalit plus naturel de regagner du matériel
immédiatement par Rd5} (45. Rxd5+ Rxd5 46. c4 {[%cal Gc7e5]} Rd2+ (46... bxc4
47. bxc4 Rd2+ 48. Kc1) 47. Kc1 Kc3 48. cxd5+) 45... Ke4 46. Re5+ Qxe5 47. Qxe5+
Kf3 $1 $132 {La Q n'a aucun soutien et l'attaque blanche s'essoufle} 48. Qxh5+
Kxf4 49. Qxb5 e5 50. a4 e4 $1 51. a5 e3 52. a6 Rd7 (52... Kf3 $2 {[%cal Ge3e2]}
53. Qf5+ {[%cal Ga6a7]}) 53. Qb8+ $2 (53. Qc5 {[%cal Ga6a7]} Kf3 54. a7 Rxa7
55. Qh5+ $1 {[%cal Gh5d1] La différence par rapport à la partie} Kf2 56. Qxd1
e2 57. Qd4+ Kf3 58. Qxa7 e1=Q 59. Qd4 $18) 53... Kf3 54. a7 Rxa7 $1 55. Qxa7 e2
{" Les champions ont toujours de la chance" et le futur vainqueur du tournoi a
confirmé cet adage dans cette partie.} 1/2-1/2

[Event "Vandoeuvre op 11th"]
[Site "Vandoeuvre"]
[Date "2014.12.27"]
[Round "3"]
[White "Vovk, Yuri"]
[Black "Di Nicolantonio, Lucas"]
[Result "1-0"]
[WhiteElo "2592"]
[BlackElo "2345"]
[Annotator "RR"]
[PlyCount "69"]
[EventDate "2014.12.26"]
[EventType "swiss"]
[EventRounds "9"]
[EventCountry "FRA"]
[SourceTitle "EXT 2017"]
[Source "ChessBase"]
[SourceDate "2016.10.25"]
[SourceVersion "1"]
[SourceVersionDate "2016.10.25"]
[SourceQuality "1"]

1. e4 {01h30} c5 2. Nf3 d6 3. d4 cxd4 4. Nxd4 Nf6 5. Nc3 Nc6 6. Bg5 e6 7. Qd2
a6 8. O-O-O Bd7 (8... h6) (8... Be7) 9. f4 h6 (9... b5) 10. Bh4 g5 {Un thème
classique dans plusieurs siciliennes comme dans la variante Bg5 de la Najdorf}
(10... Nxe4 $143 {Plus risqué} 11. Qe1 {[%cal Ge1e4,Ge1h4]} Nf6 12. Nf5 $36)
11. fxg5 Ng4 12. Be2 (12. Nf3) (12. Nxc6) 12... Nge5 13. Nxc6 (13. Nf3 Be7 14.
Rhg1) 13... Bxc6 14. g3 Ng6 15. Rhf1 (15. Kb1) 15... Nxh4 (15... Be7 16. gxh6
Nxh4 17. gxh4 Bf8 18. Qd4 Rxh6 $13 {Savicevic,V (2415)-Nevednichy,V (2589)
YUG-Cup Herceg Novi 2000 (1) 0-1}) (15... hxg5 16. Bxg5 Qxg5 17. Qxg5 Bh6 18.
Qxh6 Rxh6 19. h4 Ke7 20. h5 $14 {Zarnicki,P (2540)-Becerra Rivero,J (2545)
Yerevan ol (Men) 1996 (11.3) 1/2}) 16. gxh4 hxg5 17. hxg5 Be7 18. Qd4 $146 (18.
Rg1 Qa5 {Zude,A (2461)-Tillmann,M (2192) Bayern-chI Bank Hofmann 13th 2009 (4)
1-0}) 18... Bxg5+ 19. Kb1 Rh7 20. h4 $5 Bxh4 21. Rg1 $44 {[%csl Rd6,Re8]} Be7
22. Rg8+ Bf8 23. Nd5 $1 exd5 $2 {Trop optimiste} (23... Bxd5 $8 24. exd5 e5 $13
) 24. exd5 Bd7 25. Qe4+ {[%cal Ge4h7,Ge4e8]} Qe7 26. Qxh7 Qxe2 27. Rxf8+ $1
Kxf8 28. Qh8+ Ke7 29. Qh4+ {[%cal Gh4e1,Gh4e7]} Kf8 30. Re1 $18 Qxe1+ 31. Qxe1
Bf5 32. Qf2 Bg6 33. Qf4 Rd8 34. Kc1 Re8 35. Qxd6+ 1-0

[Event "Cappelle op 31st"]
[Site "Cappelle la Grande"]
[Date "2015.03.04"]
[Round "6"]
[White "Perez Ponsa, Federico"]
[Black "Gupta, Abhijeet"]
[Result "1/2-1/2"]
[WhiteElo "2558"]
[BlackElo "2621"]
[Annotator "RR"]
[PlyCount "139"]
[EventDate "2015.02.28"]
[EventType "swiss"]
[EventRounds "9"]
[EventCountry "FRA"]
[SourceTitle "EXT 2016"]
[Source "ChessBase"]
[SourceDate "2015.10.08"]
[SourceVersion "1"]
[SourceVersionDate "2015.10.08"]
[SourceQuality "1"]

1. e4 c5 2. Nf3 d6 3. d4 cxd4 4. Nxd4 Nf6 5. Nc3 Nc6 6. Bg5 e6 7. Qd2 a6 8.
O-O-O Bd7 9. f4 b5 10. Bxf6 gxf6 11. Kb1 (11. Nxc6 Bxc6 12. Qe1 b4 (12... Be7
13. Bd3 Qb6 14. Kb1 Qc5 15. f5 a5 16. Ne2 $11) 13. Nd5) (11. f5 Nxd4 12. Qxd4
Bh6+ 13. Kb1 Bf4 {[%cal Gf4d6,Gf4e5]} 14. Ne2 Be5 $13) 11... Qb6 12. Nxc6 Bxc6
13. f5 {[%csl Rf6]} (13. Qe1 Ra7 14. f5 (14. Bd3)) 13... b4 (13... h5 {[%cal
Gf8h6]} 14. Qe1 Ra7 15. Bd3 b4 16. Ne2 e5 17. Qh4 Ke7 18. Ng3 Qf2 19. Rhf1 Qxg2
20. Be2 Bh6 21. Bf3 Bg5 22. Qxg5 Qxf3 23. Qd2 {1-0 (23) Harikrishna,P (2680)
-Gharamian,T (2655) Biel 2013}) (13... Qc5) 14. Ne2 e5 15. Ng3 {[%csl Rf6]
[%cal Gg3h5]} h5 $1 16. h4 a5 17. Bc4 Qc5 18. Qe2 Ke7 $146 (18... Rc8 19. b3 a4
20. Nxh5 axb3 21. Bxb3 Be7 22. Rh3 Bb5 23. Qf3 Qb6 24. g4 Rc3 25. Qg2 Rxh3 26.
Qxh3 Be2 27. Rc1 Rg8 28. Nxf6+ Bxf6 29. g5 Kf8 30. gxf6 Rg1 {1/2-1/2 (30)
Nielsen,P (2341)-Wosch,A (2405) ICCF email 2007}) 19. b3 a4 $132 20. Rd3 {
[%cal Gd3g3]} Rg8 21. Qxh5 {[%csl Gh4]} Rg7 22. Rhd1 axb3 23. cxb3 (23. axb3 $6
Qa5 $36 {[%csl Ra1,Ra2]}) 23... Qf2 24. R1d2 Qg1+ 25. Kb2 Qa7 26. Kb1 Qg1+ {
Une répétition de coups pour gagner du temps à la pendule} 27. Kb2 Qa7 28.
a4 $1 bxa3+ 29. Ka2 Rd8 30. Qd1 Rg8 31. Rc2 {[%cal Gc2c6,Gc4f7]} Qb6 32. Rdc3
Rxg3 $1 33. Rxg3 Bxe4 $44 34. Bd3 Bd5 35. Bc4 Be4 36. Rgc3 Bxf5 (36... Bxc2)
37. Bd5 Bxc2 38. Qxc2 Qd4 39. Rc7+ Rd7 40. Rxd7+ {Après l'échange des R, la
présence des B de couleurs opposées va favoriser l'attaque} Kxd7 41. Qc6+ Kd8
42. Qa8+ Kc7 43. Qb7+ Kd8 44. Kxa3 Qa1+ 45. Kb4 Qd4+ 46. Kb5 Qc5+ 47. Ka4 Qc7
48. Qa8+ Qc8 49. Qxc8+ Kxc8 50. g4 $44 {[%csl Gh4]} Kc7 51. Kb5 (51. Bxf7 $143
Kc6 {[%cal Gd6d5]}) 51... Bh6 52. Ka6 (52. Bxf7 e4 {[%csl Ge4]}) 52... Bd2 53.
h5 f5 $1 54. gxf5 Kd7 55. Kb5 Ke7 56. Kc6 Kf6 57. Be4 Kg5 58. Kxd6 Kxh5 59. Ke7
Kg5 60. Kxf7 Kf4 $11 61. Bc2 e4 62. Ke6 Bb4 63. f6 e3 64. Bd3 Kg5 65. f7 Kh6
66. Kf6 (66. Kd7 Kg7 67. Ke8) 66... Ba3 67. Bc4 Bb4 68. Kf5 Kg7 69. Ke4 e2 70.
Bxe2 1/2-1/2

[Event "Cacak"]
[Site "Cacak"]
[Date "1996.??.??"]
[Round "9"]
[White "Tiviakov, Sergei"]
[Black "Damljanovic, Branko"]
[Result "1/2-1/2"]
[WhiteElo "2615"]
[BlackElo "2470"]
[Annotator "Rechlis,G"]
[PlyCount "43"]
[EventDate "1996.11.??"]
[EventType "tourn"]
[EventRounds "9"]
[EventCountry "YUG"]
[EventCategory "13"]
[SourceTitle "CBM 057"]
[Source "ChessBase"]
[SourceDate "1997.04.01"]
[SourceVersion "1"]
[SourceVersionDate "1997.04.01"]
[SourceQuality "1"]

1. e4 c5 2. Nf3 Nc6 3. d4 cxd4 4. Nxd4 Nf6 5. Nc3 d6 6. Bg5 e6 7. Qd2 a6 8.
O-O-O Bd7 9. f4 b5 10. Bxf6 gxf6 11. Nxc6 Bxc6 12. Bd3 (12. Qe3 {Ernst} Qe7 $10
) 12... Qb6 13. Qe1 Be7 14. Kb1 (14. f5 $5) 14... h5 15. f5 b4 (15... Qc5 16.
Qg3 Kd7 17. Qh3 Rag8 18. Rhe1 Rg5 19. fxe6+ fxe6 20. Nd5 Rg4 21. Ne3 Rxe4 22.
Bxe4 Bxe4 23. Qg3 f5 24. Qg7 Rc8 25. g3 a5 26. Rd2 d5 27. Ree2 b4 28. Qe5 a4
29. Qd4 Qxd4 30. Rxd4 Bc5 31. Rdd2 b3 32. axb3 axb3 33. Kc1 Ra8 34. Rd1 Bf3 35.
Rde1 Bxe2 36. Rxe2 Rc8 37. c3 Bxe3+ 38. Rxe3 Kd6 39. Kd2 Rc4 40. Re1 Ra4 41.
Kd3 h4 42. Re2 hxg3 43. hxg3 Rg4 44. Re3 e5 45. Ke2 Re4 46. Rxe4 fxe4 {0-1
Hellers,F-Van der Wiel,J/Amsterdam OHRA 1986}) 16. Ne2 e5 17. Ng3 h4 18. Nf1 h3
19. g3 $6 {Openning up the position when black king is not too safe is clearly
in white's favor . Therefore the move g3 demonstrates only Tiviakov's peaceful
intentions ...} (19. gxh3 $1 Rxh3 20. Qe2 $14) 19... a5 20. Bc4 Rc8 21. Bd5 Bb5
22. Ne3 1/2-1/2

[Event "RUS-ch"]
[Site "Elista"]
[Date "1996.??.??"]
[Round "1"]
[White "Yemelin, Vasily"]
[Black "Aseev, Konstantin N"]
[Result "1/2-1/2"]
[WhiteElo "2460"]
[BlackElo "2560"]
[Annotator "Rechlis,G"]
[PlyCount "61"]
[EventDate "1996.10.15"]
[EventType "swiss"]
[EventRounds "11"]
[EventCountry "RUS"]
[SourceTitle "CBM 056"]
[Source "ChessBase"]
[SourceDate "1997.02.01"]
[SourceVersion "1"]
[SourceVersionDate "1997.02.01"]
[SourceQuality "1"]

1. e4 c5 2. Nf3 d6 3. d4 cxd4 4. Nxd4 Nf6 5. Nc3 Nc6 6. Bg5 e6 7. Qd2 a6 8.
O-O-O Bd7 9. f4 h6 10. Bxf6 Qxf6 11. Nf3 Qd8 (11... O-O-O $6 12. Qe3 $1 $14)
12. Bc4 (12. g4 $5 Qa5 $5 (12... g5 13. h4 $13) (12... Qc7 13. h4 O-O-O 14. Qe3
{/\ Be2, Rd2+/=}) 13. h4 O-O-O 14. Bg2 g6 $6 (14... Be7 $10) (14... Qc5 $10)
15. Qe3 Kb8 (15... Qc5 16. Qxc5 dxc5 17. e5 $14) (15... Be7 $5 16. Nd2 $14) 16.
Rd2 Qc7 17. Rhd1 Na5 18. Bf1 $14 Rc8 19. g5 hxg5 20. hxg5 Be8 21. f5 $1 Be7 $6
(21... Nc4 22. Bxc4 Qxc4 $14) 22. Nd4 Rh5 23. f6 Bf8 $6 (23... Bd8 24. Be2 Nc4
25. Bxc4 Qxc4 26. Nb3 Bc7 $14) 24. Be2 Nc4 25. Bxc4 Qxc4 26. Nb3 Qc7 27. Kb1
Bc6 28. a4 $16 {Shirov,A-Dreev,A/Biel izt 1993/1-0 (61)}) (12. Kb1) 12... Be7
13. Bb3 Qc7 14. f5 (14. Rhe1 O-O-O $140 15. Nd5 $1 $16) 14... O-O-O 15. Kb1 Kb8
16. fxe6 fxe6 17. Ne2 Na5 $142 18. Nf4 Nxb3 19. axb3 Rhe8 20. h4 Bc8 21. Qe2 (
21. h5 $132) 21... g5 $5 22. Ng6 $14 (22. hxg5 hxg5 23. Nd3) 22... Bf6 23. h5
b5 24. Nh2 Bb7 25. Rhf1 Bg7 26. Rf3 Rd7 27. Ng4 Ka8 28. Rfd3 Red8 29. R1d2 Qc6
30. e5 dxe5 31. N4xe5 1/2-1/2

[Event "Interzonal-14a"]
[Site "Subotica"]
[Date "1987.??.??"]
[Round "11"]
[White "Marjanovic, Slavoljub"]
[Black "Rodriguez Cespedes, Amador"]
[Result "1/2-1/2"]
[WhiteElo "2505"]
[BlackElo "2495"]
[Annotator "Rodriguez,Am"]
[PlyCount "50"]
[EventDate "1987.06.??"]
[EventType "tourn"]
[EventRounds "17"]
[EventCountry "YUG"]
[EventCategory "11"]
[SourceTitle "CBM 003"]
[Source "ChessBase"]
[SourceDate "1988.04.01"]
[SourceVersion "1"]
[SourceVersionDate "1988.04.01"]
[SourceQuality "1"]

1. e4 c5 2. Nf3 d6 3. d4 cxd4 4. Nxd4 Nf6 5. Nc3 Nc6 6. Bg5 e6 7. Qd2 a6 8.
O-O-O Bd7 9. f4 h6 10. Bh4 g5 11. fxg5 Ng4 12. Nxc6 (12. Nf3) 12... Bxc6 13.
Qf4 $5 (13. Be2) 13... hxg5 $1 (13... Ne5 14. Qf6 $1 $16 (14. gxh6 {/\ Bg5}))
14. Bxg5 Qxg5 15. Qxg5 Bh6 16. Qxh6 Rxh6 17. Rxd6 (17. Rd2 $2 Rxh2 $1 {/\ Ke7=/
+}) 17... Nf2 18. Rg1 Rxh2 {/\ Ke7, Rg8, Nh3} 19. Be2 $5 Ke7 (19... Nxe4 $4 20.
Rxc6 $18) 20. Rd4 $8 Rg8 21. Bf3 f5 $1 $10 {/\ 22...fe4 23.Ne4 Ne4 24.Be4 Rg4
25.Re1 Rhh4!-/+} 22. Re1 fxe4 23. Nxe4 Nxe4 24. Bxe4 Bxe4 25. Rdxe4 Rgxg2 $1
1/2-1/2

[Event "Canadian op"]
[Site "Edmonton"]
[Date "2009.07.16"]
[Round "6"]
[White "Ganguly, Surya Shekhar"]
[Black "Hommeles, Theo"]
[Result "1-0"]
[WhiteElo "2637"]
[BlackElo "2412"]
[Annotator "Shabalov,A"]
[PlyCount "65"]
[EventDate "2009.07.11"]
[EventType "swiss"]
[EventRounds "9"]
[EventCountry "CAN"]
[SourceTitle "CBM 132 Extra"]
[Source "ChessBase"]
[SourceDate "2009.11.03"]
[SourceVersion "1"]
[SourceVersionDate "2009.11.03"]
[SourceQuality "1"]

1. e4 c5 2. Nf3 d6 3. d4 cxd4 4. Nxd4 Nf6 5. Nc3 Nc6 6. Bg5 e6 7. Qd2 a6 8.
O-O-O Bd7 9. f3 Rc8 10. Kb1 Be7 11. Nxc6 Bxc6 12. h4 Qc7 {It seems like black
can play this position any way he likes.} 13. Bf4 Rd8 14. g4 h6 {interesting
concept.Black simply leaves king in the center.} 15. Qf2 b5 16. Bg2 Nd7 17. g5
hxg5 18. hxg5 Rxh1 19. Bxh1 Rc8 20. Qd2 Ne5 21. Ne2 Bb7 22. b3 g6 (22... Ng6 $5
23. Be3 (23. Bg3 $2 Bxg5) 23... e5 (23... d5 24. exd5 Bxd5 25. f4) 24. Ng3 d5
25. exd5 Bxd5 26. Nf5 Bf8 $15) 23. Bg2 Bf8 24. Be3 d5 $1 25. Bd4 Rd8 {Suddenly
the endgame creates some problems for black. He should have stay in the
middlegame with} (25... Nc6 26. Bf6 dxe4 27. fxe4 Nb8) 26. Qc3 Qxc3 27. Nxc3
Nc6 ({white is better in the endgame after} 27... dxe4 28. Bxe5 exf3 29. Rxd8+
Kxd8 30. Bf1) 28. Bb6 Rc8 29. exd5 Nb4 30. d6 Bxd6 $2 {A blunder.} ({After} 
30... Kd7 31. Ba5 Rxc3 32. Bxb4 Re3 33. c4 $14 {white retains the initiative,
but position is still very unclear.}) 31. Rxd6 Rxc3 32. Ba5 Rxc2 33. Rd8+ 1-0

[Event "Interzonal-16"]
[Site "Biel"]
[Date "1993.??.??"]
[Round "13"]
[White "Shirov, Alexei"]
[Black "Dreev, Alexey"]
[Result "1-0"]
[WhiteElo "2685"]
[BlackElo "2570"]
[Annotator "Shirov,A"]
[PlyCount "121"]
[EventDate "1993.07.16"]
[EventType "swiss"]
[EventRounds "13"]
[EventCountry "SUI"]
[SourceTitle "CBM 037"]
[Source "ChessBase"]
[SourceDate "1993.12.01"]
[SourceVersion "1"]
[SourceVersionDate "1993.12.01"]
[SourceQuality "1"]

1. e4 c5 2. Nf3 Nc6 3. d4 cxd4 4. Nxd4 Nf6 5. Nc3 d6 6. Bg5 e6 7. Qd2 a6 8.
O-O-O Bd7 9. f4 h6 10. Bxf6 Qxf6 11. Nf3 Qd8 (11... O-O-O $6 12. Qe3 $1 $14)
12. g4 $5 (12. Kb1) 12... Qa5 $5 (12... g5 13. h4 $13) (12... Qc7 13. h4 O-O-O
14. Qe3 {/\ Be2, Rd2+/=}) 13. h4 O-O-O 14. Bg2 g6 $6 (14... Be7 $10) (14... Qc5
$10) 15. Qe3 Kb8 (15... Qc5 16. Qxc5 dxc5 17. e5 $14) (15... Be7 $5 16. Nd2 $14
) 16. Rd2 Qc7 17. Rhd1 Na5 18. Bf1 $14 Rc8 19. g5 hxg5 20. hxg5 Be8 21. f5 $1
Be7 $6 (21... Nc4 22. Bxc4 Qxc4 $14) 22. Nd4 Rh5 23. f6 Bf8 $6 (23... Bd8 24.
Be2 (24. Nb3 Nxb3+ 25. axb3 Qc5 $1) 24... Nc4 25. Bxc4 Qxc4 26. Nb3 Bc7 $14)
24. Be2 Nc4 25. Bxc4 Qxc4 26. Nb3 Qc7 27. Kb1 Bc6 28. a4 $16 Ka8 29. Rd4 Qb6
30. a5 Qa7 31. Qg3 Qb8 32. Qg2 $1 Qa7 33. Na4 $2 (33. R1d3 $16 {/\ Na4}) 33...
Bxa4 34. Rxa4 Qe3 $1 $132 35. Rg1 Qf4 36. c3 d5 37. Rd4 Rh2 (37... Bc5 $1 38.
Nxc5 Rxc5 $10) 38. Qg3 (38. Qg4 Qe3 $1 $13 {/\} 39. exd5 Rxc3 $1 $19) (38. Qf1
$1 $14 {/\} Rf2 39. Qe1 $1) 38... Qxg3 39. Rxg3 Bd6 $1 40. Rg4 Rh1+ 41. Ka2 $2
(41. Kc2 Be5 42. Rd1 $10) 41... Be5 $15 42. Ra4 (42. Rd2 $2 Rc4) 42... Rh2 43.
Kb1 Rd8 $2 (43... Rh1+ $10) (43... Rch8 $1 $15) 44. exd5 Rxd5 45. Rh4 $1 $14
Rd1+ 46. Ka2 Kb8 $5 (46... Rdh1 $2 47. Rhc4 $1 $16 {/\ Rab4}) 47. Rxh2 Bxh2 48.
Rh4 Bg1 $1 49. Rh1 $1 e5 50. Nc5 Kc7 51. Ne4 Re1 $1 52. Nd2 Kd6 53. Kb3 $1 (53.
Nf3 $6 Rf1 54. Nxg1 e4 $10) 53... Bf2 $2 (53... e4 $1 54. Nxe4+ Rxe4 55. Rxg1
Re5 $14) 54. Rh8 $16 e4 (54... Ke6 55. Rb8 $1 $16) 55. Re8 e3 56. Nf3 Ra1 $6
57. Ne5 $18 Kc7 58. Re7+ Kb8 59. Nxf7 Rxa5 60. Nd6 Bg3 61. f7 1-0